|
|
|
|
| LEADER |
00000nam0a2200000 4500 |
| 001 |
211197 |
| 005 |
20240213101047.0 |
| 035 |
|
|
|a (RuTPU)RU\TPU\book\230684
|
| 090 |
|
|
|a 211197
|
| 100 |
|
|
|a 20120311d2011 m y0rusy50 ca
|
| 101 |
0 |
|
|a rus
|
| 102 |
|
|
|a RU
|
| 105 |
|
|
|a a j 001zy
|
| 200 |
1 |
|
|a Физика. Лекционные демонстрации. Механика. Молекулярная физика. Термодинамика
|e учебное пособие
|f В. А. Москалев, Е. И. Постникова
|g Национальный исследовательский Томский политехнический университет (ТПУ)
|
| 210 |
|
|
|a Томск
|c Изд-во ТПУ
|d 2011
|
| 215 |
|
|
|a 82 с.
|c ил.
|
| 320 |
|
|
|a Библиогр.: с. 79.
|
| 330 |
|
|
|a Пособие содержит аннотированный каталог лекционных демонстраций физического кабинета ТПУ по разделам механика, молекулярная физика, термодинамика курса общей физики. Приводятся описания демонстраций входящих в каталог. Описания лекционных демонстраций содержат следующую информацию: название, цель демонстрации, приборы и оборудование, их изображение, методика проведения демонстрации, теоретическое описание демонстрируемого физического явления или опыта. Предназначено для преподавателей физики и работников физических кабинетов высших учебных заведений, а также техникумов и старших классов средней школы.
|
| 606 |
1 |
|
|a Физика
|x Демонстрационные опыты
|2 stltpush
|3 (RuTPU)RU\TPU\subj\42261
|9 61948
|
| 610 |
1 |
|
|a физика
|
| 610 |
1 |
|
|a лекционные демонстрации
|
| 610 |
1 |
|
|a механика
|
| 610 |
1 |
|
|a молекулярная физика
|
| 610 |
1 |
|
|a термодинамика
|
| 610 |
1 |
|
|a поступательные движения
|
| 610 |
1 |
|
|a законы Ньютона
|
| 610 |
1 |
|
|a вращательные движения
|
| 610 |
1 |
|
|a неинерциальные системы отсчета
|
| 610 |
1 |
|
|a газы
|
| 610 |
1 |
|
|a учебные пособия
|
| 610 |
1 |
|
|a труды учёных ТПУ
|
| 675 |
|
|
|a 53.05(07)
|v 3
|
| 700 |
|
1 |
|a Москалев
|b В. А.
|c российский ученый
|c электротехник
|c профессор Томского политехнического университета
|f 1927-
|g Владилен Александрович
|3 (RuTPU)RU\TPU\pers\12401
|
| 701 |
|
1 |
|a Постникова
|b Е. И.
|c физик
|c доцент Томского политехнического университета, кандидат педагогических наук
|f 1970-
|g Екатерина Ивановна
|3 (RuTPU)RU\TPU\pers\28370
|9 13261
|
| 712 |
0 |
2 |
|a Национальный исследовательский Томский политехнический университет (ТПУ)
|c (2009- )
|3 (RuTPU)RU\TPU\col\15902
|
| 801 |
|
1 |
|a RU
|b 63413507
|c 20120311
|
| 801 |
|
2 |
|a RU
|b 63413507
|c 20120316
|g RCR
|
| 942 |
|
|
|c BK
|